00748nam a2200205 450000100060000000300080000600500170001400800390003103500190007004000270008904100110011608200180012710000440014524502050018926000420039430000210043650400410045765000220049865000220052033609BD-RjUL20211209052032.0140510s1972 ru b 000 0 eng a(BD-RjUL)33700 aDLCcDLCdBD-RjULbeng1 aengrus00a172bTIM 19721 aTitarenko, A. I.q(Aleksandr Ivanovich)10aMorality and politics :bcritical essays on contemporary views about the relationship between morality and politics in bourgeois sociology /cA. Titarenko, Translated from the Russian by Don Danemanis aMoscow :bProgress Publishers,c1972. a259 p. ;c18 cm. aIncludes bibliographical references. 0aPolitical ethics. 0aCommunist ethics.